BASIC STATIICS FOR SOCIAL RESEARCH (Record no. 27145)
[ view plain ]
| 000 -LEADER | |
|---|---|
| fixed length control field | 00296nam a22001337a 4500 |
| 003 - CONTROL NUMBER IDENTIFIER | |
| control field | SGT |
| 020 ## - INTERNATIONAL STANDARD BOOK NUMBER | |
| International Standard Book Number | 9780415120050 |
| 082 ## - DEWEY DECIMAL CLASSIFICATION NUMBER | |
| Classification number | 519.5,CRA |
| 100 ## - MAIN ENTRY--PERSONAL NAME | |
| Personal name | CRAMER DUNCAN |
| 245 ## - TITLE STATEMENT | |
| Title | BASIC STATIICS FOR SOCIAL RESEARCH |
| 260 ## - PUBLICATION, DISTRIBUTION, ETC. (IMPRINT) | |
| Place of publication, distribution, etc | NEW YORK |
| Name of publisher, distributor, etc | ROUTLEDGE |
| Year of Publication | 1997 |
| 300 ## - PAGE DESCRIPTION | |
| No. of Pages | 401 |
| 942 ## - ADDED ENTRY ELEMENTS (KOHA) | |
| Source of classification or shelving scheme | Dewey Decimal Classification |
| Koha item type | Books |
| Withdrawn status | Lost status | Source of classification or shelving scheme | Damaged status | Use restrictions | Not for loan | Collection code | Home library | Current library | Shelving location | Date acquired | Vendor Name | Cost, normal purchase price | SGTU | Bill Number | Full call number | Accession No. (Barcode) | Date last seen | Bill Date | Koha item type |
|---|---|---|---|---|---|---|---|---|---|---|---|---|---|---|---|---|---|---|---|
| Dewey Decimal Classification | Restricted Access | Not For Loan | EDUCATION | SGT Engineering Library | SGT Engineering Library | Reference Book | 14/10/2024 | ABC PUBLISHERS AND DISTRIBUTORS PVT. LTD. | 3080.00 | SGTU | IN84 | 519.5,CRA | ED5349 | 14/10/2024 | 10/09/2024 | Books |